Aventuras de una gallina emprendedora

Gorde:
Xehetasun bibliografikoak
Egile Nagusiak: Gómez Martínez, Menchu (Egilea), Turienzo Ortiz, Rubén (Egilea)
Formatua: Liburua
Hizkuntza:gaztelania
Argitaratua: Barcelona Vergara 2009
Edizioa:1a. ed
Saila:Vivir mejor en el Trabajo
Gaiak:
Etiketak: Etiketa erantsi
Etiketarik gabe, Izan zaitez lehena erregistro honi etiketa jartzen!

MARC

LEADER 00000nam a2200000 a 4500
001 UCH2705
003 CL-VaPUC
008 090624e20090000SP |||||||||||||||||spa|d
020 |a 9788466640015 
082 0 4 |a 158.2  |b GOM  |2 21 
100 0 |a Gómez Martínez, Menchu  |e author  |9 537705 
700 0 |a Turienzo Ortiz, Rubén  |e author  |9 537706 
245 1 0 |a Aventuras de una gallina emprendedora 
250 |a 1a. ed 
300 |a 190 p 
942 |c BK 
945 |d 20090624 00:00:00  |a rbrito 
260 |a Barcelona  |b Vergara  |c 2009 
650 0 |a Psicología aplicada   |9 270762 
650 0 |a Relaciones interpersonales  |9 307056 
650 7 |a CRECIMIENTO PERSONAL  |2 CL-VaPUC  |9 438434 
583 |a last modification  |c 20090624 00:00:00  |k Rodrigo Vera 
490 0 |a Vivir mejor en el Trabajo 
999 |c 334420  |d 334418 
952 |0 0  |1 0  |4 0  |6 158_200000000000000_GOM_2009  |7 0  |8 A  |9 423416  |a BIBENE  |b BIBENE  |d 2019-11-22  |i 4566874  |l 2  |m 1  |o 158.2 GOM 2009  |p 4566874  |r 2025-01-15  |s 2022-04-19  |w 2019-11-22  |y BK  |k ICO